| 000 | 00479 a2200133 4500 | ||
|---|---|---|---|
| 001 | ART_13551 | ||
| 005 | 20260410161910.0 | ||
| 008 | 260409a | ||
| 245 | 1 | 0 | _aUn análisis de los determinantes económicos de la migración mexicana legal e ilegal hacia los Estados Unidos |
| 100 | 1 | _aJohnson, Harry G. | |
| 700 | 1 | _aBlejer, Mario I. | |
| 700 | 1 | _aPorzecansky, Arturo C. | |
| 773 | 0 |
_tDemografía y economía _g- Vol. XI, Nº 33 (sep./dic. 1977) _wREV13200 |
|
| 999 |
_c26735 _d26735 |
||